Evaluación de riesgo en la empresa matriz Ferromáx S.A, pista Juan Pablo Segundo ubicada en la ciudad de Managua 2020

La investigación presenta la evaluación inicial de Riesgos, en cada puesto de trabajo de la Megaservicios Ferromax JPS; con el propósito de planificar y adoptar las medidas preventivas necesarias y adecuadas que garanticen eficazmente la higiene y seguridad de los trabajadores en todos los aspect...

Full description

Bibliographic Details
Main Authors: Pérez Condega, Odilia Abigail, Cisne Reyes, Gerardo Enmanuel, Ruiz Gutiérrez, Osman José
Other Authors: Tutor: Cáceres Antón, Juan Agustín
Format: Tesis Section = Libro
Language:Undetermined
Spanish
Published: Managua UNI 2021
Subjects:
LEADER 01244nam a2200277Ia 4500
008 240830s9999 xx 000 0 und d
040 |a BIBLIOTECA-RUPAP/ Mon 363.11 P438 
041 |a spa 
082 |a Mon 363.11 P438 
100 1 |a Pérez Condega, Odilia Abigail 
100 1 |b Cisne Reyes, Gerardo Enmanuel 
100 1 |c Ruiz Gutiérrez, Osman José 
245 1 0 |a Evaluación de riesgo en la empresa matriz Ferromáx S.A, pista Juan Pablo Segundo ubicada en la ciudad de Managua 2020 
260 |a Managua  |b UNI  |c 2021 
300 |a 72 p. ;il. 
500 |a Contiene: anexos y CD. 
502 |a Tesis (Ingeniero Industrial) - UNI, 2021. 
520 3 |a La investigación presenta la evaluación inicial de Riesgos, en cada puesto de trabajo de la Megaservicios Ferromax JPS; con el propósito de planificar y adoptar las medidas preventivas necesarias y adecuadas que garanticen eficazmente la higiene y seguridad de los trabajadores en todos los aspectos del trabajo. 
650 7 |a EVALUACION DE RIESGOS-NICARAGUA 
650 7 |b  SEGURIDAD INDUSTRIAL 
650 7 |c  SEGURIDAD OCUPACIONAL 
650 7 |d  ACCIDENTES DE TRABAJO 
700 1 |a Tutor:  |b Cáceres Antón, Juan Agustín 
942 |c BK  |2 ddc 
991 |a TESIS 
999 |c 19139